|
|
|
|
| LEADER |
00000nam0a2200000 4500 |
| 001 |
297618 |
| 005 |
20231102001027.0 |
| 020 |
|
|
|a RU
|b 84-53767
|
| 035 |
|
|
|a (RuTPU)RU\TPU\book\322752
|
| 090 |
|
|
|a 297618
|
| 100 |
|
|
|a 20150609d1984 m y0rusy5003 ca
|
| 101 |
0 |
|
|a rus
|
| 102 |
|
|
|a RU
|
| 105 |
|
|
|a a j 001zy
|
| 200 |
1 |
|
|a Производственное обучение электрогазосварщиков
|e [методическое пособие]
|f Л. П. Шебеко
|
| 210 |
|
|
|a Москва
|c Высшая школа
|d 1984
|
| 215 |
|
|
|a 167 с.
|c ил.
|
| 225 |
1 |
|
|a Профессионально-техническое образование
|
| 606 |
1 |
|
|a Электросварка
|2 stltpush
|3 (RuTPU)RU\TPU\subj\72796
|9 86190
|
| 610 |
1 |
|
|a производственное обучение
|
| 610 |
1 |
|
|a газовая сварка
|
| 610 |
1 |
|
|a пожарная безопасность
|
| 610 |
1 |
|
|a техника безопасности
|
| 610 |
1 |
|
|a газовая наплавка
|
| 610 |
1 |
|
|a дуговая резка
|
| 610 |
1 |
|
|a кислородная резка
|
| 610 |
1 |
|
|a сварочное оборудование
|
| 610 |
1 |
|
|a учебные пособия
|
| 675 |
|
|
|a 621.791.7(07)
|z rus
|v 3
|
| 700 |
|
1 |
|a Шебеко
|b Л. П.
|g Леонид Пантелеймонович
|4 070
|
| 801 |
|
0 |
|a RU
|b RuMRKP
|c 19950704
|g psbo
|
| 801 |
|
1 |
|a RU
|b 63413507
|c 20150609
|
| 801 |
|
2 |
|a RU
|b 63413507
|c 20190215
|g RCR
|
| 942 |
|
|
|c BK
|